000 00641nam a22002177a 4500
001 7967
003 FISKH
005 20250815112122.0
008 250815b cb ||||| |||| 00| 0 eng d
020 _a9781605770161
040 _aFISKH
_beng
_cFISKH
_dFISKH
082 _a362.712
100 _aBerry, Joy
245 _aI love daycare /
_cby Joy Berry
260 _aNew York :
_bJoy Berrry,
_c2010
300 _a18 unnumbered pages :
_bcolor illustrations ;
_c15 cm
505 _aNP
520 _aA reassuring look at all the things to do at Day Care, from play time to snack time to nap time.
942 _2ddc
_cBK
_n0
999 _c7967
_d7967